<?xml version="1.0" encoding="UTF-8"?>
<collection xmlns="http://www.loc.gov/MARC21/slim">
 <record>
  <leader>00575nam a22001935a 4500</leader>
  <controlfield tag="001">EHU.bham043681</controlfield>
  <controlfield tag="003">AR-BHAM</controlfield>
  <controlfield tag="005">20151216140512.0</controlfield>
  <controlfield tag="008">130507s2014##################000#0#####d</controlfield>
  <datafield tag="020" ind1=" " ind2=" ">
   <subfield code="a">9780674725201</subfield>
  </datafield>
  <datafield tag="082" ind1="2" ind2="7">
   <subfield code="a">270.1</subfield>
  </datafield>
  <datafield tag="100" ind1="1" ind2=" ">
   <subfield code="a">Jones, Christopher P.</subfield>
  </datafield>
  <datafield tag="245" ind1="1" ind2="0">
   <subfield code="a">Between pagan and christian  /</subfield>
   <subfield code="c"> Christopher P. Jones</subfield>
  </datafield>
  <datafield tag="260" ind1=" " ind2=" ">
   <subfield code="a">Cambridge :</subfield>
   <subfield code="b">Harvard University Press,</subfield>
   <subfield code="c">2014</subfield>
  </datafield>
  <datafield tag="300" ind1=" " ind2=" ">
   <subfield code="a">207 p.</subfield>
  </datafield>
  <datafield tag="653" ind1=" " ind2=" ">
   <subfield code="a">Paganismo</subfield>
  </datafield>
  <datafield tag="653" ind1=" " ind2=" ">
   <subfield code="a">Cristianismo</subfield>
  </datafield>
  <datafield tag="653" ind1=" " ind2=" ">
   <subfield code="a">Religiones-historia de las</subfield>
  </datafield>
  <datafield tag="859" ind1=" " ind2=" ">
   <subfield code="a">AR-BHAM</subfield>
   <subfield code="b">BIB. HUMANIDADES - General</subfield>
   <subfield code="h">270.1</subfield>
   <subfield code="i">J72</subfield>
   <subfield code="p">513.15</subfield>
   <subfield code="t">Ej.1</subfield>
  </datafield>
 </record>
</collection>
